Fundamentals of Indian art / (Record no. 1110)
[ view plain ]
| 000 -LEADER | |
|---|---|
| fixed length control field | 00536cam a2200205ua 4500 |
| 041 ## - LANGUAGE CODE | |
| Language code of text/sound track or separate title | eng |
| 082 ## - DEWEY DECIMAL CLASSIFICATION NUMBER | |
| Classification number | 700 |
| Item number | DAS/FU |
| 100 ## - MAIN ENTRY--AUTHOR NAME | |
| Personal name | Dasgupta, S N . |
| 245 ## - TITLE STATEMENT | |
| Title | Fundamentals of Indian art / |
| 260 ## - PUBLICATION, DISTRIBUTION, ETC. (IMPRINT) | |
| Place of publication | Mumbai : |
| Name of publisher | Bharatiya Vidya Bhavan , |
| Year of publication | 1960. |
| 300 ## - PHYSICAL DESCRIPTION | |
| Number of Pages | 132 ; . |
| 490 0# - SERIES STATEMENT | |
| Series statement | Bhavan`s Book University, |
| Volume number/sequential designation | |
| 650 ## - SUBJECT ADDED ENTRY--TOPICAL TERM | |
| Topical Term | Art |
| 942 ## - ADDED ENTRY ELEMENTS (KOHA) | |
| Koha item type | Books |
| Withdrawn status | Lost status | Damaged status | Home library | Current library | Date acquired | Full call number | Accession Number | Koha item type |
|---|---|---|---|---|---|---|---|---|
| Withdrawn | KAUAET | Sanskrit University | 07/04/2012 | 700 | 3389 | Books |
